[Event "Let's Play Chess!"]
[Site "http://www.queenalice.com/game.php?id=1819491"]
[Date "2023.8.25"]
[Round "-"]
[White "Mlintz"]
[Black "JbL"]
[Result "1-0"]
[WhiteElo "1866"]
[BlackElo "1258"]

1. e4 e6 2. d4 b6 3. Bd3 Bb4+ 4. c3 Bd6 5. Nf3 c5 6. e5 Bc7 7. dxc5 bxc5 8. Bg5
f6 9. exf6 gxf6 10. Bh4 Bb7 11. Nbd2 Nh6 12. Qe2 Nc6 13. Ne4 Ng4 14. O-O-O Qe7
15. h3 Nge5 16. Bxf6 Qf8 17. Bxh8 Qxh8 18. Nfg5 O-O-O 19. Nf7 Nxf7 20. Nxc5 Ba8
21. Ba6+ Bb7 22. Bxb7+ Kb8 23. Qa6 Nd6 24. Bxc6 Bb6 25. Rxd6 1-0

[Event "Vitória o melhor lugar!!!"]
[Site "http://www.queenalice.com/game.php?id=1819595"]
[Date "2023.8.25"]
[Round "-"]
[White "Capixabba789"]
[Black "JbL"]
[Result "1-0"]
[WhiteElo "1754"]
[BlackElo "1267"]

1. e4 Nf6 2. e5 Nd5 3. d4 e6 4. Nf3 c6 5. Bd3 g6 6. O-O Bg7 7. Be3 O-O 8. Nbd2
d6 9. exd6 Qxd6 10. Ne4 Qc7 11. Qd2 b6 12. Bh6 f6 13. Bxg7 Qxg7 14. c4 f5 15.
cxd5 fxe4 16. Bxe4 exd5 17. Bc2 Bg4 18. Ne5 Nd7 19. Nxg4 Rae8 20. Bb3 Re4 21.
Ne3 Qxd4 22. Qc2 Nf6 23. Rad1 Qe5 24. Qxc6 Kg7 25. Nxd5 Ng4 26. f4 Qh5 27. h3
Ne3 28. Nxe3 Rxe3 29. Qd7+ Kh6 30. Qg4 Qxg4 31. hxg4 a5 32. g5+ Kh5 33. Kf2 Re4
34. g3 Kg4 35. Bd5 Rb4 36. Bf3+ Kf5 37. Rd5+ Ke6 38. Re1+ Kf7 39. Rd7+ Kg8 40.
Ree7 Rxb2+ 41. Kg1 Rxa2 42. Bd5+ Kh8 43. Rxh7# 1-0

[Event "Challenge"]
[Site "http://www.queenalice.com/game.php?id=1819598"]
[Date "2023.8.25"]
[Round "-"]
[White "JbL"]
[Black "wj64"]
[Result "0-1"]
[WhiteElo "1265"]
[BlackElo "1551"]

1. e4 e5 2. Nc3 c6 3. g3 d6 4. Qf3 Nf6 5. Bc4 Bg4 6. Qe3 b5 7. Be2 Bd7 8. d4 b4
9. dxe5 Ng4 10. Qf4 bxc3 11. Bc4 Nh6 12. Qf3 Qa5 13. bxc3 Bg4 14. Qf4 Qxc3+ 15.
Bd2 Qxa1+ 16. Bc1 Qc3+ 17. Bd2 Qxc4 18. h3 Be6 19. exd6 Nd7 20. Ne2 Qxa2 21. O-O
Qxc2 22. Rc1 Qa4 23. Qf3 Bxh3 0-1

[Event "Challenge"]
[Site "http://www.queenalice.com/game.php?id=1819601"]
[Date "2023.8.25"]
[Round "-"]
[White "JbL"]
[Black "BB_chess"]
[Result "0-1"]
[WhiteElo "1225"]
[BlackElo "989"]

1. e4 e5 2. Nc3 Nc6 3. g3 g6 4. Qf3 d6 5. Bc4 Qd7 6. Qxf7+ Qxf7 7. Bxf7+ Kxf7 8.
Nf3 Bg4 9. Ng5+ Kf6 10. d3 h6 11. Nd5+ Kg7 12. Ne6+ Kh7 13. O-O Be7 14. Nxe7
Ncxe7 15. Nxc7 Rf8 16. b4 Rd8 17. f4 exf4 18. Rxf4 Be6 19. Bb2 g5 20. Nxe6 Rc8
21. Raf1 Rxc2 22. Bxh8 Kxh8 0-1

[Event "AUTO-INT-3837"]
[Site "http://www.queenalice.com/game.php?id=1819713"]
[Date "2023.8.27"]
[Round "1"]
[White "JbL"]
[Black "poeleabois"]
[Result "0-1"]
[WhiteElo "1230"]
[BlackElo "1508"]

1. e4 e5 2. Nf3 d6 3. h3 Nf6 4. Bb5+ Bd7 5. Nc3 a6 6. Bxd7+ Nbxd7 7. O-O Be7 8.
d4 O-O 9. dxe5 Nxe5 10. b4 h6 0-1

[Event "AUTO-INT-3837"]
[Site "http://www.queenalice.com/game.php?id=1819724"]
[Date "2023.8.27"]
[Round "1"]
[White "Castling"]
[Black "JbL"]
[Result "1-0"]
[WhiteElo "1718"]
[BlackElo "1252"]

1. e4 e5 2. Bc4 Nf6 3. d3 Bb4+ 4. Bd2 Bxd2+ 5. Nxd2 d5 6. Bxd5 O-O 7. h3 Na6 8.
a3 c6 9. Bc4 b5 10. Bb3 Be6 11. Ngf3 Bxb3 12. Nxb3 Qd7 13. Nxe5 Qe6 14. f4 g6
15. Qe2 1-0

[Event "AUTO-INT-3837"]
[Site "http://www.queenalice.com/game.php?id=1819725"]
[Date "2023.8.27"]
[Round "1"]
[White "JbL"]
[Black "Castling"]
[Result "0-1"]
[WhiteElo "1250"]
[BlackElo "1720"]

1. e4 e5 2. Bc4 Nf6 3. Nf3 h6 4. Nxe5 d6 5. Nxf7 Qe7 6. Nxh8 d5 7. Ng6 Qxe4+ 8.
Be2 Qxg6 9. g3 Nc6 10. O-O Nd4 11. Bd3 Qf7 12. Re1+ Be7 13. c3 Bg4 14. Qa4+ Nc6
15. c4 O-O-O 16. cxd5 Rxd5 0-1

[Event "AUTO-INT-3837"]
[Site "http://www.queenalice.com/game.php?id=1819730"]
[Date "2023.8.27"]
[Round "1"]
[White "johnew"]
[Black "JbL"]
[Result "1-0"]
[WhiteElo "1755"]
[BlackElo "1246"]

1. e4 e5 2. Nf3 Nf6 3. Nxe5 Qe7 4. d4 Nxe4 5. Bd3 Nd6 6. O-O b6 7. Re1 Qf6 8.
Ng4+ Qe7 9. Rxe7+ Bxe7 10. Nc3 O-O 11. Ne5 1-0

[Event "AUTO-INT-3837"]
[Site "http://www.queenalice.com/game.php?id=1819731"]
[Date "2023.8.27"]
[Round "1"]
[White "JbL"]
[Black "johnew"]
[Result "0-1"]
[WhiteElo "1248"]
[BlackElo "1753"]

1. e4 c5 2. Nf3 Nc6 3. Bc4 e6 4. d3 d5 5. exd5 exd5 6. Qe2+ Be7 7. Bg5 dxc4 8.
h3 cxd3 9. Qxd3 Qxd3 10. cxd3 Bxg5 11. Nxg5 Nf6 12. Nc3 O-O 0-1

[Event "AUTO-OPEN-4469"]
[Site "http://www.queenalice.com/game.php?id=1819829"]
[Date "2023.8.29"]
[Round "1"]
[White "SGF"]
[Black "JbL"]
[Result "1-0"]
[WhiteElo "1811"]
[BlackElo "1260"]

1. e4 e5 2. Qf3 Nf6 3. d3 d5 4. Be2 Bb4+ 5. c3 dxe4 6. dxe4 Bg4 7. Qg3 Bd6 8.
Bxg4 h6 9. h4 Nxe4 10. Qe3 Nc5 11. Nf3 Be7 12. Qxe5 O-O 13. O-O Nd3 14. Qe4 Nc6
15. Rd1 Qe8 16. Rxd3 1-0

[Event "AUTO-OPEN-4469"]
[Site "http://www.queenalice.com/game.php?id=1819830"]
[Date "2023.8.29"]
[Round "1"]
[White "JbL"]
[Black "SGF"]
[Result "0-1"]
[WhiteElo "1262"]
[BlackElo "1809"]

1. e4 e5 2. Nf3 Qf6 3. Bc4 d6 4. d3 h6 5. O-O c6 6. Nc3 b5 7. Bb3 a5 8. d4 a4 9.
dxe5 dxe5 10. Bxf7+ Kxf7 11. Nd5 cxd5 12. Qxd5+ Be6 13. Qxa8 Nd7 14. Rd1 Nb6 15.
Qb8 Bg4 0-1

[Event "AUTO-OPEN-4469"]
[Site "http://www.queenalice.com/game.php?id=1819857"]
[Date "2023.8.29"]
[Round "1"]
[White "clovis"]
[Black "JbL"]
[Result "1-0"]
[WhiteElo "2033"]
[BlackElo "1254"]

1. e4 e5 2. Nf3 Nf6 3. Nc3 d5 4. exd5 Bb4 5. Nxe5 Qe7 6. d4 h6 7. Bd3 O-O 8. O-O
c6 9. dxc6 Nxc6 10. Nxc6 bxc6 11. Bd2 Ng4 12. Qf3 1-0

[Event "AUTO-OPEN-4469"]
[Site "http://www.queenalice.com/game.php?id=1819858"]
[Date "2023.8.29"]
[Round "1"]
[White "JbL"]
[Black "clovis"]
[Result "0-1"]
[WhiteElo "1256"]
[BlackElo "2031"]

1. e4 e5 2. Nf3 Nc6 3. Bc4 Nf6 4. Ng5 d5 5. exd5 Na5 6. Bb5+ c6 7. dxc6 bxc6 8.
Bd3 Bd6 9. O-O O-O 10. Bxh7+ Nxh7 11. d3 Nxg5 0-1

[Event "AUTO-OPEN-4469"]
[Site "http://www.queenalice.com/game.php?id=1819877"]
[Date "2023.8.29"]
[Round "1"]
[White "JbL"]
[Black "aurelianobuendia"]
[Result "0-1"]
[WhiteElo "1189"]
[BlackElo "1345"]

1. e4 e5 2. Nf3 Nc6 3. Bc4 Nf6 4. b3 d5 5. exd5 Nxd5 6. d4 Bd6 7. h3 Ndb4 8.
dxe5 Bc5 9. Ng5 Be6 10. a3 Na6 11. Bxe6 fxe6 12. Qf3 Qd5 0-1

[Event "AUTO-OPEN-4469"]
[Site "http://www.queenalice.com/game.php?id=1819878"]
[Date "2023.8.29"]
[Round "1"]
[White "aurelianobuendia"]
[Black "JbL"]
[Result "1-0"]
[WhiteElo "1334"]
[BlackElo "1200"]

1. e4 e5 2. d4 Nc6 3. d5 Nce7 4. Bc4 d6 5. Nf3 Bg4 6. h3 Bxf3 7. Qxf3 Qd7 8. Be3
O-O-O 9. Bxa7 Qa4 10. Qxf7 Nh6 11. Qe6+ Rd7 12. Bd3 Qxa7 13. Qf7 1-0